| 000 | 00728nam a22002057a 4500 | ||
|---|---|---|---|
| 008 | 131020s2011 us ||||| |||| 00| 0 eng d | ||
| 020 | _a9781408064269 | ||
| 082 |
_222 _a650.0285 _bSTA |
||
| 100 |
_aStair, Ralph. _934107 |
||
| 245 |
_aFundamentals of Business Information Systems / _cRalph M Stair; George Walter Reynolds; Thomas Chesney. |
||
| 250 | _a2nd ed. | ||
| 260 |
_aAndover : _bCengage Learning, _c2011. |
||
| 300 |
_axxiii, 406 p. : _b col. ill. ; _c26 cm. |
||
| 650 |
_aInformation storage and retrieval systems _934108 |
||
| 650 |
_aManagement information systems _934109 |
||
| 653 |
_bBus _cOctober2013 |
||
| 710 |
_aReynolds, George _934110 |
||
| 710 |
_aChesney, Thomas _934111 |
||
| 942 |
_2ddc _cBB _k650.0285 STA |
||
| 999 |
_c17652 _d17624 |
||